[Event "Reykjavik op"]
[Site "Reykjavik"]
[Date "2016.03.12"]
[Round "6"]
[White "Johannsson, Birkir Isak"]
[Black "Kristjansson, Hjortur"]
[Result "1/2-1/2"]
[WhiteElo "1303"]
[BlackElo "1488"]
[PlyCount "43"]
[EventDate "2016.03.08"]
[EventType "swiss"]
[EventRounds "10"]
[EventCountry "ISL"]
[SourceTitle "CBM 171 Extra"]
[Source "ChessBase"]
[SourceDate "2016.04.26"]
[SourceVersion "1"]
[SourceVersionDate "2016.04.26"]
[SourceQuality "1"]

1. d4 d5 2. c4 c6 3. cxd5 cxd5 4. Nc3 Nf6 5. Nf3 Nc6 6. Bf4 Bf5 7. e3 e6 8. a3 a6 9. Bd3 Bxd3 10. Qxd3 Bd6 11. Bxd6 Qxd6 12. 0-0 0-0 13. h3 b5 14. b4 h6 15. Rac1 Nd7 16. Nd2 Nb6 17. Nb3 Nc4 18. Ra1 Ne7 19. Nc5 Nf5 20. Ne2 Ra7 21. Nf4 Rd8 22. Ra2 1/2-1/2